Central Library OPAC University of Rajshahi

Medieval Muslim government in Barbary until the sixth century of the Hijra / (Record no. 40716)

MARC details
000 -LEADER
fixed length control field 00805nam a2200253 a 4500
001 - CONTROL NUMBER
control field 40716
003 - CONTROL NUMBER IDENTIFIER
rucl marc code BD-RjUL
005 - DATE AND TIME OF LATEST TRANSACTION
control field 20211209053253.0
008 - FIXED-LENGTH DATA ELEMENTS--GENERAL INFORMATION
fixed length control field 860101s1958 xx 000 0 eng u
035 ## - SYSTEM CONTROL NUMBER
System control number OCLC ocm00341905 from D951102M
040 ## - CATALOGING SOURCE
Original cataloging agency OUN
Modifying agency UKM
-- BD-RjUL
Language of cataloging eng
Transcribing agency BD-RjUL
041 ## - LANGUAGE CODE
Language code of text/sound track or separate title eng
082 ## - DEWEY DECIMAL CLASSIFICATION NUMBER
Classification number 354.61
Edition number 23
Author mark and year HOM 1958
100 1# - MAIN ENTRY--PERSONAL NAME
Personal name Hopkins, J. F. P.
9 (RLIN) 125275
245 10 - TITLE STATEMENT
Title Medieval Muslim government in Barbary until the sixth century of the Hijra /
Statement of responsibility, etc. Hopkins J. F. P.
260 ## - PUBLICATION, DISTRIBUTION, ETC. (IMPRINT)
Place of publication, distribution, etc. London :
Name of publisher, distributor, etc. Luzac,
Date of publication, distribution, etc. 1958
300 ## - PHYSICAL DESCRIPTION
Pagination xxv, 169 p.
Illustrations map.
Size 22 cm
500 ## - GENERAL NOTE
General note Based on thesis--University of London
504 ## - BIBLIOGRAPHY, ETC. NOTE
Bibliography, etc Bibliography: p. xv-xxiv
650 ## - SUBJECT ADDED ENTRY--TOPICAL TERM
Topical term or geographic name as entry element Politics and government
Geographic subdivision Africa, North
9 (RLIN) 125276
942 ## - ADDED ENTRY ELEMENTS (KOHA)
Source of classification or shelving scheme Dewey Decimal Classification
Koha item type Books
Holdings
Lost status Source of classification or shelving scheme Damaged status Not for loan Collection code Permanent Location Current Location Shelving location Date acquired Source of acquisition Total Checkouts Full call number Date last seen Copy number Koha item type
  Dewey Decimal Classification     Non-fiction Central Library, University of Rajshahi Central Library, University of Rajshahi   23/01/1964 Zeithing   354.61 HOM 1958 09/05/2016 C-2 Books